Эксплуатация месторождений нефти и газа горизонтальными скважинами: учебник

Dades bibliogràfiques
Autor principal: Серебряков О. И. Олег Иванович
Altres autors: Серебряков А. О. Андрей Олегович, Журавлев Г. И. Геннадий Иванович
Sumari:В учебнике изложены особенности конструкции морских горизонтальных многозабойных эксплуатационных скважин, а также забойные компоненты горизонтальных многозабойных стволов. Даны классификация осложнений многозабойных горизонтальных скважин, способы их предупреждения и ликвидации. Предложены методы подземной геонавигации разработки морских горизонтальных эксплуатационных скважин. Уточнены геологические и промысловые основы эксплуатации горизонтальных морских многозабойных нефтегазовых скважин, режимы и динамика добычи нефти, газа и попутных вод, методы расчета динамических забойных и пластовых давлений. Приведены технологии эксплуатации морских горизонтальных многозабойных скважин. Обоснованы состав и объемы экологического, промыслового и исследовательского морского мониторинга эксплуатации морских горизонтальных многозабойных скважин и охраны морской окружающей среды при добыче нефти и газа. Соответствует требованиям федеральных государственных образовательных стандартов высшего образования последнего поколения. Предназначен для магистрантов укрупненной группы направлений подготовки "Науки о Земле", а также для преподавателей, работников топливно-энергетического комплекса, производственных геолого-разведочных и нефтегазодобывающих предприятий, научных и проектных организаций.
Idioma:rus
Publicat: Москва, Инфра-М, 2021
Col·lecció:Высшее образование - Магистратура
Matèries:
Format: MixedMaterials Llibre
KOHA link:https://koha.lib.tpu.ru/cgi-bin/koha/opac-detail.pl?biblionumber=347061

MARC

LEADER 00000nam0a2200000 4500
001 347061
005 20231102005945.0
010 |a 9785160142364 
035 |a (RuTPU)RU\TPU\book\378946 
090 |a 347061 
100 |a 20220127d2021 m y0rusy50 ca 
101 0 |a rus 
102 |a RU 
105 |a a j 001zy 
200 1 |a Эксплуатация месторождений нефти и газа горизонтальными скважинами  |e учебник  |f О. И. Серебряков, А. О. Серебряков, Г. И. Журавлев 
210 |a Москва  |c Инфра-М  |d 2021 
215 |a 200 с.  |c ил. 
225 1 |a Высшее образование - Магистратура 
320 |a Библиогр.: с. 188-190 
320 |a Глоссарий: с. 191-196 
330 |a В учебнике изложены особенности конструкции морских горизонтальных многозабойных эксплуатационных скважин, а также забойные компоненты горизонтальных многозабойных стволов. Даны классификация осложнений многозабойных горизонтальных скважин, способы их предупреждения и ликвидации. Предложены методы подземной геонавигации разработки морских горизонтальных эксплуатационных скважин. Уточнены геологические и промысловые основы эксплуатации горизонтальных морских многозабойных нефтегазовых скважин, режимы и динамика добычи нефти, газа и попутных вод, методы расчета динамических забойных и пластовых давлений. Приведены технологии эксплуатации морских горизонтальных многозабойных скважин. Обоснованы состав и объемы экологического, промыслового и исследовательского морского мониторинга эксплуатации морских горизонтальных многозабойных скважин и охраны морской окружающей среды при добыче нефти и газа. Соответствует требованиям федеральных государственных образовательных стандартов высшего образования последнего поколения. Предназначен для магистрантов укрупненной группы направлений подготовки "Науки о Земле", а также для преподавателей, работников топливно-энергетического комплекса, производственных геолого-разведочных и нефтегазодобывающих предприятий, научных и проектных организаций. 
606 1 |a Нефтегазовые месторождения, морские  |x (геология)  |2 stltpush  |3 (RuTPU)RU\TPU\subj\79661  |9 87936 
606 1 |a Нефтяные скважины, морские  |x Пластовые давления  |2 stltpush  |3 (RuTPU)RU\TPU\subj\46170  |9 65355 
610 1 |a горизонтальные многозабойные скважины 
610 1 |a конструкции 
610 1 |a подготовка 
610 1 |a осложнения 
610 1 |a геонавигация 
610 1 |a морская геофизика 
610 1 |a разведка 
610 1 |a эксплуатация 
610 1 |a оптимизация 
610 1 |a мониторинг 
610 1 |a морская экология 
610 1 |a учебники 
675 |a 553.98(26)(075.8)  |v 4 
675 |a 622.276.4(075.8)  |v 4 
700 1 |a Серебряков  |b О. И.  |g Олег Иванович 
701 1 |a Серебряков  |b А. О.  |g Андрей Олегович 
701 1 |a Журавлев  |b Г. И.  |g Геннадий Иванович 
801 1 |a RU  |b 63413507  |c 20220127 
801 2 |a RU  |b 63413507  |c 20220316  |g RCR 
942 |c BK 
959 |a 1/20220127  |d 1  |e 1000,00  |f УФ:1